[Pamätník nemenovaného z r. 1807-8]

Pamätník nezisteného so zápismi priateľov a i. Zo známejších osôb iba Michal Greguš. Prevažná väčšina venovaní pochádza z rokov 1807-1808

Bibliographic Details
Main Author: Greguš, Michal, 1793-1838 (Author)
Format: Manuscript Book
Language:Latin
Hungarian
German
Slovak
Greek, Modern (1453- )
PhysicalDescription:85 nečíslovaných strán rukopis, viazaný, ilustrácie 12 cm
Published: [Rôzne miesta vzniku] 1796-1840
Subjects:

MARC

LEADER 00000ntmaa2200000 a 4500
001 vtls012145027
003 SK-MaSNL
005 20260302062553.0
008 230802i1796 vp a || 000 0dlat
035 |a urn:nbn:sk:snk-tm00if47 
035 |a CA2FE4AD-7BED-422C-94F6-2327CA73E0E6 
040 |a SNKLA  |b slo  |c SNKLA  |e AACR2 
041 0 |a lat  |a hun  |a ger  |a slo  |a gre 
044 |a vp 
072 7 |a 09  |x Rukopisy, prvotlače, staré tlače. Vzácne a pozoruhodné diela  |2 konspekt 
080 |a 025.171  |2 2011 
080 |a 091.5  |2 2001 
080 |a (093.3)  |2 2001 
245 0 0 |a [Pamätník nemenovaného z r. 1807-8]  |c Mich. Greguš 
246 3 3 |a Album nemenovaného 
260 |a [Rôzne miesta vzniku]  |c 1796-1840 
300 |a 85 nečíslovaných strán  |b rukopis, viazaný, ilustrácie  |c 12 cm 
500 |a Umelý názov vytvorený katalogizátorom 
500 |a Na prednej strane väzby rímske číslo VIII napísané modrou pastelkou 
500 |a Alternatívny názov na vloženom lístku 
520 2 |a Pamätník nezisteného so zápismi priateľov a i. Zo známejších osôb iba Michal Greguš. Prevažná väčšina venovaní pochádza z rokov 1807-1808 
546 |a Zápisy sú väčšinou latinsky a maďarsky, menej nemecky, slovensky a jeden grécky gréckou abecedou 
555 0 |a Inventár rukopisov Literárneho archívu MS IV. Archív Slovenského národného múzea. MJ 1-1020. Rôzna proveniencia. Martin : Matica slovenská 1974 
561 |a Okrúhla pečiatka: Museálna slovenská spoločnosť 
561 |a Okrúhla pečiatka: Matica slovenská Martin Archív literatúry a umenia 
561 |a Dar. Ján Janček z Ružomberku r. 1904 
650 0 7 |a autogramy  |2 SNKPH  |9 29930 
655 7 |a rukopisy  |2 SNKPH  |9 70548 
655 7 |a pamätníky (knihy)  |2 SNKPH  |9 249900 
700 1 |a Greguš, Michal,  |d 1793-1838  |4 aut  |9 123289 
700 1 |a Janček, Ján,  |d 1843-1924  |4 dnr  |9 666716 
852 |a Slovenská národná knižnica  |b Literárny archív 
958 |a ZJ 
958 |a LAVD 
999 |c 1129739  |d 1131669 
952 |a SNKLA  |b SNKLA  |c SNKLA_DEP  |y NEVYP  |7 0  |p 17A1230436  |o snkMJ 723  |0 0  |1 0  |4 0  |d 2022-07-28  |f 1  |l 0  |r 2026-02-24 18:58:24  |w 2026-02-24